Research methods in accounting
Saved in:
| Main Author: | |
|---|---|
| Format: | Book |
| Language: | English |
| Published: |
Sage Publications,
2017
|
| Tags: |
Add Tag
No Tags, Be the first to tag this record!
|
MARC
| LEADER | 00000nam a22000007a 4500 | ||
|---|---|---|---|
| 008 | 210419b ||||| |||| 00| 0 eng d | ||
| 020 | |a 978-1-5264-0107-6 | ||
| 100 | |a SMITH, Malcolm. | ||
| 245 | |a Research methods in accounting |c Malcolm Smith |g xiv, 278p. | ||
| 260 | |b Sage Publications, |c 2017 |h Los Angeles: |i 693403 |i 693404 |l HF5630 .Sm6 |m Accounting – Research – Methodology. |m Accounting. | ||
| 500 | |a “It includes references and index” | ||
| 942 | |a lcc |c BK |e Adeniran F. A |f 19/04/2021 | ||
| 952 | |0 0 |1 0 |2 lcc |4 0 |6 HF5630 S M6 |7 0 |9 2201 |a HOL |b MPL |c GJ |d 2021-04-19 |l 0 |o HF5630 .Sm6 |p 2021-6055 |r 2021-04-19 00:00:00 |w 2021-04-19 |y BK | ||
| 952 | |0 0 |1 0 |2 lcc |4 0 |6 HF5630 S M6 |7 0 |9 2202 |a HOL |b HOL |c GJ |d 2021-04-19 |l 0 |o HF5630 .Sm6 |p 2021-6056 |r 2021-04-19 00:00:00 |w 2021-04-19 |y BK | ||
| 999 | |c 1148 |d 1148 | ||